La fábrica del bien : ensayo sobre la invención de la moral /
Gespeichert in:
| 1. Verfasser: | |
|---|---|
| Format: | Buch |
| Sprache: | Spanisch |
| Veröffentlicht: |
Madrid, España :
Síntesis,
2008, c2008
|
| Schriftenreihe: | (Perspectivas/Editorial Síntesis ;
23) |
| Tags: |
Keine Tags, Fügen Sie das erste Tag hinzu!
|
MARC
| LEADER | 00000nam^a2200000^a^4500 | ||
|---|---|---|---|
| 001 | 000613314 | ||
| 005 | 20250521000000.0 | ||
| 009 | 20260310133619.294 | ||
| 020 | |a 978-84-975655-5-4 | ||
| 025 | |a Donación Juan Lafarga Corona, 1 ejemplar | ||
| 037 | |a Acervo Xavier Clavigero | ||
| 041 | |a ESP | ||
| 091 | |a FLC. 00254 | ||
| 100 | |a Valdecantos, Antonio |e (autor) | ||
| 245 | 1 | 3 | |a La fábrica del bien : |b ensayo sobre la invención de la moral / |
| 246 | 2 | |a Título en la cubierta: La fábrica del bien | |
| 264 | 4 | |a Madrid, España : |b Síntesis, |c 2008, c2008 | |
| 300 | |a 387 p. | ||
| 336 | |a texto |b txt |2 rdacontenido | ||
| 337 | |a sin mediación |b n |2 rdamedio | ||
| 338 | |a volumen |b nc |2 rdasoporte | ||
| 440 | 1 | |a (Perspectivas/Editorial Síntesis ; |v 23) | |
| 649 | |a XX | ||
| 910 | |a Fondo Juan Lafarga Corona S.J. | ||
| 920 | |a Impresos - Libros | ||
| 930 | |a Fondos Especiales | ||
| 905 | |a 145 | ||
| 901 | |a 613314-10 |b IT2 |c ESL |i D |u 20250521 | ||
| 902 | |a https://opac.biblio.iteso.mx/vufind/Record/000613314 | ||